000 00306nam a22001097a 4500
008 160613b xxu||||| |||| 00| 0 eng d
020 _a9780763757625
041 _aeng
080 _a618.2
245 _aCardiac surgery essentials for critical care nursing:
_cSonya R. Hardin; Roberta Kaplow;
942 _2udc
_cBK
999 _c2454
_d2454